[Event "SVK-ch Blitz"]
[Site "Nitra"]
[Date "2022.10.29"]
[Round "7"]
[White "Balogh, Peter1111"]
[Black "Vrba, Michal"]
[Result "1-0"]
[WhiteElo "2081"]
[BlackElo "1927"]
[PlyCount "49"]
[EventDate "2022.10.29"]
[EventType "swiss"]
[EventRounds "13"]
[EventCountry "SVK"]
[SourceTitle "EXT 2024"]
[Source "ChessBase"]
[SourceDate "2023.10.10"]
[SourceVersion "1"]
[SourceVersionDate "2023.10.10"]
[SourceQuality "1"]

1. e4 e5 2. Nf3 Nc6 3. Bc4 Bc5 4. 0-0 Nf6 5. d4 Bxd4 6. Nxd4 Nxd4 7. f4 d6 8. fxe5 dxe5 9. Bg5 Be6 10. Na3 Bxc4 11. Nxc4 Qe7 12. Bxf6 gxf6 13. c3 Ne6 14. Kh1 Nf4 15. g3 Ne6 16. Ne3 Rd8 17. Qa4+ c6 18. Qxa7 0-0 19. Ng4 Qc5 20. Qxc5 Nxc5 21. Nxf6+ Kg7 22. Nh5+ Kg6 23. g4 Nxe4 24. Rae1 Ng5 25. Rf6# 1-0

[Event "SVK-ch Blitz"]
[Site "Nitra"]
[Date "2022.10.29"]
[Round "12"]
[White "Vrba, Michal"]
[Black "Gettler, Daniel"]
[Result "0-1"]
[WhiteElo "1927"]
[BlackElo "1870"]
[PlyCount "30"]
[EventDate "2022.10.29"]
[EventType "swiss"]
[EventRounds "13"]
[EventCountry "SVK"]
[SourceTitle "EXT 2024"]
[Source "ChessBase"]
[SourceDate "2023.10.10"]
[SourceVersion "1"]
[SourceVersionDate "2023.10.10"]
[SourceQuality "1"]

1. e4 d6 2. d4 Nf6 3. Nc3 c6 4. f4 Qa5 5. Bd3 e5 6. dxe5 dxe5 7. fxe5 Ng4 8. Nf3 Nxe5 9. 0-0 Bg4 10. Be2 Bxf3 11. Bxf3 Be7 12. Bf4 Nbd7 13. Qe2 Qb6+ 14. Kh1 Qxb2 15. Na4 Qd4 0-1

[Event "SVK-ch rapid"]
[Site "Podbanske"]
[Date "2022.09.10"]
[Round "4"]
[White "Kolesar, Milan"]
[Black "Vrba, Michal"]
[Result "1/2-1/2"]
[WhiteElo "2063"]
[BlackElo "1838"]
[PlyCount "120"]
[EventDate "2022.09.10"]
[EventType "swiss (rapid)"]
[EventRounds "9"]
[EventCountry "SVK"]
[SourceTitle "CBM 210 Extra"]
[Source "ChessBase"]
[SourceDate "2022.11.30"]
[SourceVersion "1"]
[SourceVersionDate "2022.11.30"]
[SourceQuality "1"]

1. Nf3 Nf6 2. c4 d5 3. cxd5 Nxd5 4. d4 c6 5. g3 Bg4 6. Bg2 Nd7 7. 0-0 e6 8. h3 Bxf3 9. Bxf3 Bd6 10. e4 Ne7 11. Nc3 Nb6 12. a4 a5 13. b3 Qc7 14. Bb2 Rd8 15. Rc1 Qb8 16. Qe2 0-0 17. Rfd1 Rfe8 18. Kg2 Ng6 19. h4 h6 20. Rd3 Bc7 21. Qc2 Bd6 22. Rcd1 Bc7 23. Qb1 Ne7 24. Qa1 f5 25. exf5 exf5 26. d5 cxd5 27. Nb5 Nc6 28. Bxd5+ Nxd5 29. Rxd5 Rxd5 30. Rxd5 Be5 31. Bxe5 Rxe5 32. Qd1 Kh7 33. Rd7 Nb4 34. Rd8 Re1 35. Qd6 Qxd6 36. Nxd6 b6 37. Nxf5 Rb1 38. Rd7 Kg6 39. g4 h5 40. Rxg7+ Kf6 41. Rb7 hxg4 42. Ne3 g3 43. Rxb6+ Ke5 44. Kxg3 Rxb3 45. Rb5+ Ke6 46. Rxa5 Nd3 47. h5 Rb1 48. Ra6+ Kf7 49. h6 Rg1+ 50. Kh2 Rg5 51. a5 Nxf2 52. h7 Kg7 53. Ra7+ Kh8 54. a6 Ng4+ 55. Nxg4 Rxg4 56. Rb7 Ra4 57. Ra7 Ra3 58. Kg2 Rg3+ 59. Kf2 Rf3+ 60. Ke2 Re3+ 1/2-1/2

[Event "EU-ch rapid"]
[Site "Tallinn"]
[Date "2016.12.15"]
[Round "1"]
[White "Grigoriants, Sergey"]
[Black "Vrba, Michal"]
[Result "1-0"]
[WhiteElo "2563"]
[BlackElo "1985"]
[PlyCount "45"]
[EventDate "2016.12.15"]
[EventType "swiss (rapid)"]
[EventRounds "11"]
[EventCountry "EST"]
[SourceTitle "CBM 176 Extra"]
[Source "ChessBase"]
[SourceDate "2017.03.02"]
[SourceVersion "1"]
[SourceVersionDate "2017.03.02"]
[SourceQuality "1"]

1. e4 e6 2. d4 d5 3. Nd2 dxe4 4. Nxe4 Nd7 5. Nf3 Ngf6 6. Bd3 Be7 7. Nxf6+ Nxf6 8. Qe2 0-0 9. Bg5 Qd5 10. 0-0 Bd7 11. c4 Qa5 12. Ne5 Rad8 13. Rad1 Qb6 14. Bb1 Bc6 15. d5 Bd7 16. Qc2 g6 17. c5 Qa6 18. d6 cxd6 19. cxd6 Rc8 20. dxe7 Rxc2 21. exf8Q+ Kxf8 22. Bxc2 Bb5 23. Bxf6 1-0

[Event "BCF-chT2c 1415 (4NCL)"]
[Site "England"]
[Date "2015.03.29"]
[Round "8.228"]
[White "Vrba, Michal"]
[Black "Graham, William M"]
[Result "0-1"]
[WhiteElo "2018"]
[BlackElo "1845"]
[PlyCount "194"]
[EventDate "2015.03.29"]
[EventType "team-tourn"]
[EventRounds "11"]
[EventCountry "ENG"]
[SourceTitle "EXT 2016"]
[Source "ChessBase"]
[SourceDate "2015.10.08"]
[SourceVersion "1"]
[SourceVersionDate "2015.10.08"]
[SourceQuality "1"]
[WhiteTeam "White Rose II"]
[BlackTeam "Sussex Martlets"]
[WhiteTeamCountry "ENG"]
[BlackTeamCountry "ENG"]

1. e4 e6 2. d4 d5 3. Nc3 Nf6 4. e5 Nfd7 5. f4 c5 6. Nf3 Nc6 7. Be3 Qb6 8. Na4 Qa5+ 9. c3 cxd4 10. b4 Nxb4 11. cxb4 Bxb4+ 12. Bd2 Bxd2+ 13. Nxd2 b5 14. Nb2 Nb6 15. a4 Qc3 16. Bxb5+ Bd7 17. Qb3 0-0 18. Rb1 Rab8 19. Nd1 Qc5 20. Qd3 Rfd8 21. Ke2 Nc4 22. Bxd7 Rxb1 23. Qxb1 Nxd2 24. Qb5 Ne4 25. Qxc5 Nxc5 26. Bb5 Rb8 27. Nf2 a6 28. Bd3 Rb2+ 29. Kf3 Rb3 30. Rc1 Rc3 31. Rb1 g6 32. Ke2 Ra3 33. Rb4 Nxa4 34. Rxd4 Nc5 35. Ke3 a5 36. Nd1 Nb3 37. Nc3 Nxd4 38. Kxd4 Rb3 39. Bc2 Rb4+ 40. Kd3 Rxf4 41. Ke3 Rb4 42. Na4 Kg7 43. Bd1 Re4+ 44. Kd3 Rxe5 45. Nc5 Re1 46. Kd2 Rg1 47. Bf3 Rb1 48. Kc2 Rb4 49. Nd3 Rb6 50. Ne5 f6 51. Nd3 Kf7 52. Nb2 Ke7 53. Na4 Rb4 54. Nc3 Kd6 55. h3 a4 56. Be2 a3 57. Nb5+ Kc5 58. Nxa3 Rf4 59. Kd3 e5 60. Nb1 Rf2 61. g4 Rh2 62. Bf1 f5 63. gxf5 gxf5 64. Nd2 f4 65. Nb3+ Kb4 66. Nd2 e4+ 67. Nxe4 dxe4+ 68. Kxe4 Kc3 69. Ba6 Rxh3 70. Kxf4 Rh6 71. Bb7 Rg6 72. Be4 Rg7 73. Ke3 h5 74. Kf2 Kd2 75. Bg2 h4 76. Kf1 Ke3 77. Kg1 Ke2 78. Kh2 Rg3 79. Bb7 Kf2 80. Bc8 Kf3 81. Bb7+ Kg4 82. Bc8+ Kg5 83. Bd7 Rd3 84. Bc8 Rd2+ 85. Kh3 Kf4 86. Ba6 Rc2 87. Bb7 Kg5 88. Bd5 Rc3+ 89. Kh2 Kf5 90. Bg8 h3 91. Bf7 Kg5 92. Be6 Kh4 93. Bf5 Re3 94. Bc8 Re2+ 95. Kg1 Kg3 96. Ba6 Re1+ 97. Bf1 h2+ 0-1

[Event "Heraklion Gazi op 9th"]
[Site "Heraklion"]
[Date "2013.08.03"]
[Round "9"]
[White "Vrba, Michal"]
[Black "Serpetsidakis, Nikolaos"]
[Result "1/2-1/2"]
[WhiteElo "2019"]
[BlackElo "1610"]
[PlyCount "79"]
[EventDate "2013.07.27"]
[EventType "swiss"]
[EventRounds "9"]
[EventCountry "GRE"]
[SourceTitle "CBM 155 Extra"]
[Source "ChessBase"]
[SourceDate "2013.08.26"]
[SourceVersion "1"]
[SourceVersionDate "2013.08.26"]
[SourceQuality "1"]

1. e4 e6 2. d4 d5 3. Nc3 Bb4 4. e5 c5 5. a3 Bxc3+ 6. bxc3 Ne7 7. Nf3 Nbc6 8. Bd3 Qa5 9. Bd2 c4 10. Be2 Bd7 11. Nh4 0-0-0 12. f4 h6 13. Bg4 Nf5 14. Bxf5 exf5 15. Nf3 Be6 16. Kf2 Rhg8 17. h4 Rd7 18. Re1 Qa4 19. Qc1 b6 20. Qb2 Rb7 21. Rab1 a6 22. Qa2 h5 23. Rb2 Kc7 24. Ra1 Rh8 25. Qb1 Rh6 26. Qd1 Kb8 27. Qe2 Ka7 28. Nh2 Rb8 29. Nf1 Rb7 30. Ng3 g6 31. Nf1 Rh8 32. Ne3 Rc8 33. Qf3 Rd8 34. Be1 Rdd7 35. Rab1 Rd8 36. Bd2 Rdd7 37. Ra2 Rd8 38. Raa1 Rdd7 39. Qd1 Rdc7 40. Qf3 1/2-1/2

[Event "Heraklion Gazi op 9th"]
[Site "Heraklion"]
[Date "2013.08.02"]
[Round "8"]
[White "Kanakaris, Georgios"]
[Black "Vrba, Michal"]
[Result "1-0"]
[WhiteElo "2310"]
[BlackElo "2019"]
[PlyCount "49"]
[EventDate "2013.07.27"]
[EventType "swiss"]
[EventRounds "9"]
[EventCountry "GRE"]
[SourceTitle "CBM 155 Extra"]
[Source "ChessBase"]
[SourceDate "2013.08.26"]
[SourceVersion "1"]
[SourceVersionDate "2013.08.26"]
[SourceQuality "1"]

1. c4 c5 2. Nc3 Nc6 3. g3 g6 4. Bg2 Bg7 5. d3 d6 6. Nf3 e5 7. Bg5 Nge7 8. Ne4 h6 9. Bf6 0-0 10. Nfd2 Bxf6 11. Nxf6+ Kg7 12. Nd5 Nxd5 13. cxd5 Ne7 14. 0-0 b5 15. a4 Bb7 16. Qb3 b4 17. e3 f5 18. f4 Rf6 19. fxe5 dxe5 20. d6 Bxg2 21. dxe7 Qd5 22. Rfc1 Qc6 23. e4 fxe4 24. Kxg2 e3+ 25. Ne4 1-0

[Event "Piestany op"]
[Site "Piestany"]
[Date "2012.11.16"]
[Round "5"]
[White "Martinec, Karel"]
[Black "Vrba, Michal"]
[Result "1-0"]
[WhiteElo "1905"]
[BlackElo "2035"]
[PlyCount "67"]
[EventDate "2012.11.12"]
[EventType "swiss"]
[EventRounds "8"]
[EventCountry "SVK"]
[SourceTitle "EXT 2023"]
[Source "ChessBase"]
[SourceDate "2022.10.05"]
[SourceVersion "1"]
[SourceVersionDate "2022.10.05"]
[SourceQuality "1"]

1. d4 Nf6 2. c4 g6 3. Nc3 d5 4. cxd5 Nxd5 5. e4 Nxc3 6. bxc3 Bg7 7. Bc4 c5 8. Be3 Qa5 9. Qd2 Nc6 10. Ne2 cxd4 11. cxd4 Qxd2+ 12. Kxd2 0-0 13. Rhd1 Rd8 14. Ke1 Na5 15. Bd3 Be6 16. Rac1 Rdc8 17. d5 Bd7 18. Rxc8+ Bxc8 19. Rc1 b6 20. Nd4 Bb7 21. Nb5 f5 22. f3 fxe4 23. fxe4 Be5 24. g3 Ba6 25. Ke2 Nb7 26. a4 h5 27. Rc6 Kg7 28. Nc7 Bxd3+ 29. Kxd3 Rb8 30. Ne6+ Kf7 31. Bf4 Bxf4 32. gxf4 Na5 33. Rc7 Nb7 34. Rxb7 1-0

[Event "Piestany op"]
[Site "Piestany"]
[Date "2012.11.13"]
[Round "2"]
[White "Vrba, Michal"]
[Black "Schwarz, Dusan"]
[Result "0-1"]
[WhiteElo "2035"]
[BlackElo "2325"]
[PlyCount "44"]
[EventDate "2012.11.12"]
[EventType "swiss"]
[EventRounds "8"]
[EventCountry "SVK"]
[SourceTitle "EXT 2023"]
[Source "ChessBase"]
[SourceDate "2022.10.05"]
[SourceVersion "1"]
[SourceVersionDate "2022.10.05"]
[SourceQuality "1"]

1. e4 c5 2. c4 Nc6 3. Nc3 g6 4. g3 Bg7 5. Bg2 a6 6. Nge2 b5 7. cxb5 axb5 8. 0-0 b4 9. Nd5 e6 10. Ne3 Ba6 11. d3 Ne5 12. Nf4 Ne7 13. Ng4 Nxg4 14. Qxg4 h5 15. Qg5 e5 16. Nd5 Nxd5 17. exd5 Qxg5 18. Bxg5 Bxd3 19. Rfe1 d6 20. Bh3 f5 21. Re3 c4 22. a4 e4 0-1

[Event "Tatry op"]
[Site "Tatranske Zruby"]
[Date "2010.10.08"]
[Round "8"]
[White "Vanka, Miloslav"]
[Black "Vrba, Michal"]
[Result "1/2-1/2"]
[WhiteElo "2189"]
[BlackElo "1999"]
[PlyCount "84"]
[EventDate "2010.10.02"]
[EventType "swiss"]
[EventRounds "9"]
[EventCountry "SVK"]
[SourceTitle "CBM 138 Extra"]
[Source "ChessBase"]
[SourceDate "2010.10.29"]
[SourceVersion "1"]
[SourceVersionDate "2010.10.29"]
[SourceQuality "1"]

1. d4 Nf6 2. Nf3 g6 3. Bg5 Bg7 4. e3 d5 5. Bd3 Bg4 6. Nbd2 Qc8 7. c3 Bf5 8. Be2 Ne4 9. Bf4 Nxd2 10. Qxd2 Nd7 11. c4 dxc4 12. Bxc4 Nb6 13. Bb3 c6 14. Ng5 0-0 15. e4 Bd7 16. Rc1 Qe8 17. 0-0 Rd8 18. Qb4 Bg4 19. Be3 h6 20. h3 Be2 21. Rfe1 Ba6 22. Nf3 Kh7 23. Rcd1 Qd7 24. Ne5 Qd6 25. Qc3 e6 26. Bf4 Qe7 27. a4 Qf6 28. Bg3 Qe7 29. Qc5 Qxc5 30. dxc5 Bxe5 31. Bxe5 Nc4 32. Bd6 Rfe8 33. Bxc4 Bxc4 34. Rd4 Ba6 35. e5 Rd7 36. b4 b6 37. Re3 Rb7 38. Rf4 Kg7 39. Kh2 Rd8 40. Rd4 Rc8 41. h4 h5 42. g4 Rh8 1/2-1/2

[Event "Tatry op"]
[Site "Tatranske Zruby"]
[Date "2010.10.07"]
[Round "7"]
[White "Bombek, Peter"]
[Black "Vrba, Michal"]
[Result "1/2-1/2"]
[WhiteElo "2194"]
[BlackElo "1999"]
[PlyCount "109"]
[EventDate "2010.10.02"]
[EventType "swiss"]
[EventRounds "9"]
[EventCountry "SVK"]
[SourceTitle "CBM 138 Extra"]
[Source "ChessBase"]
[SourceDate "2010.10.29"]
[SourceVersion "1"]
[SourceVersionDate "2010.10.29"]
[SourceQuality "1"]

1. d4 Nf6 2. Bg5 Ne4 3. Bf4 d6 4. Nd2 Bf5 5. e3 Nxd2 6. Qxd2 Nd7 7. Nf3 Nf6 8. Bd3 Bxd3 9. Qxd3 c6 10. Bg5 Qa5+ 11. c3 Nd7 12. 0-0 g6 13. a4 Bg7 14. b4 Qd8 15. e4 0-0 16. h3 Re8 17. Rfd1 Qc7 18. Rab1 Rac8 19. Bf4 Rcd8 20. Qe3 a6 21. Bg3 Qc8 22. Bh4 Nb6 23. a5 Nc4 24. Qd3 d5 25. e5 Qd7 26. Re1 Rc8 27. Nd2 Nxd2 28. Qxd2 e6 29. Bf6 Qc7 30. Qe3 h6 31. g4 Kh7 32. Kg2 Rg8 33. h4 Rce8 34. Kh3 Bxf6 35. exf6 Qd8 36. Qf3 g5 37. h5 Kh8 38. Re2 Ref8 39. Rf1 Re8 40. Re3 Ref8 41. Rfe1 Re8 42. R1e2 Ref8 43. Qg3 Qxf6 44. Rf3 Qd8 45. Qe5+ Kh7 46. Rf6 Rg7 47. f4 Qb8 48. Qxb8 Rxb8 49. f5 Re8 50. fxe6 Rxe6 51. Rexe6 fxe6 52. Rxe6 Rf7 53. Kg3 Kg7 54. Rd6 Kh7 55. Re6 1/2-1/2

[Event "Piestany Pressburg op"]
[Site "Piestany"]
[Date "2009.11.20"]
[Round "4"]
[White "Koval, Daniel"]
[Black "Vrba, Michal"]
[Result "1/2-1/2"]
[WhiteElo "2112"]
[BlackElo "2009"]
[PlyCount "79"]
[EventDate "2009.11.17"]
[EventType "swiss"]
[EventRounds "7"]
[EventCountry "SVK"]
[SourceTitle "CBM 133 Extra"]
[Source "ChessBase"]
[SourceDate "2010.01.05"]
[SourceVersion "1"]
[SourceVersionDate "2010.01.05"]
[SourceQuality "1"]

1. d4 Nf6 2. Bg5 Ne4 3. Bf4 d6 4. Nd2 Nf6 5. e4 g6 6. e5 Nd5 7. Bg3 Bg7 8. c4 Nb6 9. Ngf3 Nc6 10. c5 dxc5 11. dxc5 Nd7 12. e6 fxe6 13. Ne4 Nf6 14. Qa4 Nxe4 15. Rd1 Nd6 16. Bc4 Bd7 17. cxd6 exd6 18. 0-0 Ne5 19. Bb5 Nxf3+ 20. gxf3 a6 21. Bxd7+ Qxd7 22. Qe4 0-0 23. Rfe1 b5 24. b3 Qf7 25. Qc6 e5 26. Rd3 h5 27. Rc1 Rfc8 28. Qb7 Bf6 29. h4 Bd8 30. Qc6 g5 31. hxg5 Bxg5 32. Rcd1 h4 33. Bh2 Kh8 34. Kh1 Rg8 35. Qe4 Qg6 36. Qg4 Raf8 37. Rc3 Rf7 38. Rg1 Rfg7 39. Rc6 Qh7 40. Qe6 1/2-1/2

[Event "SVK-chT1W 0910"]
[Site "Slovakia"]
[Date "2009.10.17"]
[Round "1.5"]
[White "Orgon, Dusan"]
[Black "Vrba, Michal"]
[Result "1-0"]
[WhiteElo "2108"]
[BlackElo "1985"]
[PlyCount "53"]
[EventDate "2009.10.17"]
[EventType "team"]
[EventRounds "11"]
[EventCountry "SVK"]
[SourceTitle "EXT 2011"]
[Source "ChessBase"]
[SourceDate "2010.11.26"]
[SourceVersion "1"]
[SourceVersionDate "2010.11.26"]
[SourceQuality "1"]
[WhiteTeam "Dubnica nad Vahom II"]
[BlackTeam "Bratislava Doprastav II"]
[WhiteTeamCountry "SVK"]
[BlackTeamCountry "SVK"]

1. d4 g6 2. Nf3 Bg7 3. c3 d6 4. Bg5 Nf6 5. Nbd2 c6 6. e4 Qc7 7. Bd3 Nbd7 8. Qe2 e5 9. 0-0 0-0 10. dxe5 dxe5 11. h3 Nc5 12. Nc4 Nxd3 13. Qxd3 h6 14. Be3 Rd8 15. Qc2 Ne8 16. b3 Be6 17. Nb2 Nd6 18. c4 Nxe4 19. Bxh6 Nxf2 20. Bxg7 Nxh3+ 21. gxh3 Kxg7 22. Ng5 Bf5 23. Rxf5 gxf5 24. Qxf5 Rh8 25. Rf1 Raf8 26. Qf6+ Kg8 27. Ne6 1-0

[Event "Tatry op"]
[Site "Tatranske Zruby"]
[Date "2009.09.29"]
[Round "3"]
[White "Hlinka, Vasil"]
[Black "Vrba, Michal"]
[Result "1/2-1/2"]
[WhiteElo "2173"]
[BlackElo "1985"]
[PlyCount "57"]
[EventDate "2009.09.27"]
[EventType "swiss"]
[EventRounds "9"]
[EventCountry "SVK"]
[SourceTitle "EXT 2011"]
[Source "ChessBase"]
[SourceDate "2010.11.26"]
[SourceVersion "1"]
[SourceVersionDate "2010.11.26"]
[SourceQuality "1"]

1. d4 Nf6 2. c4 g6 3. Nc3 d5 4. cxd5 Nxd5 5. e4 Nxc3 6. bxc3 Bg7 7. Nf3 c5 8. Be2 Nc6 9. Be3 Qa5 10. 0-0 0-0 11. d5 Ne5 12. Nxe5 Bxe5 13. c4 b6 14. Rb1 Bd7 15. f4 Bg7 16. e5 Rad8 17. Bd3 f5 18. exf6 Rxf6 19. f5 Bxf5 20. Bxf5 Rxf5 21. Rxf5 gxf5 22. Qe2 Qc3 23. Bg5 Qd4+ 24. Kh1 Bf6 25. Qe6+ Kh8 26. Qxf5 Bxg5 27. Qxg5 Qxc4 28. Qe5+ Kg8 29. Qe6+ 1/2-1/2

[Event "Tatry op"]
[Site "Tatranske Zruby"]
[Date "2009.09.29"]
[Round "4"]
[White "Obona, Jan"]
[Black "Vrba, Michal"]
[Result "1/2-1/2"]
[WhiteElo "2110"]
[BlackElo "1985"]
[PlyCount "125"]
[EventDate "2009.09.27"]
[EventType "swiss"]
[EventRounds "9"]
[EventCountry "SVK"]
[SourceTitle "EXT 2011"]
[Source "ChessBase"]
[SourceDate "2010.11.26"]
[SourceVersion "1"]
[SourceVersionDate "2010.11.26"]
[SourceQuality "1"]

1. d4 Nf6 2. c4 g6 3. Nc3 d5 4. Nf3 Bg7 5. Bg5 c6 6. e3 Qa5 7. Qb3 Ne4 8. Bh4 Nxc3 9. bxc3 Nd7 10. Be2 Nb6 11. c5 Nd7 12. 0-0 Nf6 13. Qb4 Qxb4 14. cxb4 Bg4 15. b5 Ne4 16. Rfc1 g5 17. h3 Bxf3 18. gxf3 gxh4 19. fxe4 dxe4 20. bxc6 bxc6 21. Rab1 0-0 22. Rb7 e5 23. dxe5 Bxe5 24. Rd1 Rab8 25. Rxa7 Rb2 26. Bc4 Rc2 27. Ra4 Kh8 28. Bb3 Rxc5 29. Rxe4 Bf6 30. Rf4 Kg7 31. Rd6 Rg5+ 32. Rg4 Rxg4+ 33. hxg4 c5 34. Rd7 Bc3 35. Kg2 Be1 36. Kf1 Bb4 37. Rd5 Rc8 38. Bc4 Re8 39. Rg5+ Kf8 40. Rf5 Re7 41. Rf4 h6 42. Kg2 Kg7 43. Kh3 f6 44. Kxh4 Be1 45. Kh3 Re5 46. Kg2 h5 47. Kf1 Bb4 48. gxh5 Rxh5 49. Rg4+ Kf8 50. Rg6 Ke7 51. Rg7+ Kd6 52. Rf7 Rh6 53. Ke2 Ke5 54. Re7+ Kd6 55. Re6+ Kd7 56. Ra6 Ke7 57. a4 Rh4 58. Bb5 c4 59. Rc6 c3 60. Bd3 Rh5 61. Rb6 Ba5 62. Rb5 Rxb5 63. axb5 1/2-1/2

[Event "SVK-chT2A 0809"]
[Site "Slovakia"]
[Date "2009.01.31"]
[Round "8.6"]
[White "Vrba, Michal"]
[Black "Krist, Milan"]
[Result "1-0"]
[WhiteElo "1974"]
[BlackElo "2046"]
[PlyCount "87"]
[EventDate "2008.10.11"]
[EventType "team-tourn"]
[EventRounds "11"]
[EventCountry "SVK"]
[SourceTitle "EXT 2010"]
[Source "ChessBase"]
[SourceDate "2010.11.25"]
[SourceVersion "1"]
[SourceVersionDate "2010.11.25"]
[SourceQuality "1"]
[WhiteTeam "Bratislava Doprastav III"]
[BlackTeam "Trnava Lokomotiva II"]
[WhiteTeamCountry "SVK"]
[BlackTeamCountry "SVK"]

1. e4 e6 2. d4 d5 3. Nc3 Nf6 4. Bg5 Be7 5. e5 Nfd7 6. h4 a6 7. Qg4 c5 8. Bxe7 Qxe7 9. Qxg7 Qf8 10. Qxf8+ Kxf8 11. dxc5 Nxc5 12. a3 Bd7 13. 0-0-0 Bc6 14. Nh3 Nbd7 15. f4 Rc8 16. Kb1 Rg8 17. Rg1 Ke7 18. g4 Na4 19. Nxa4 Bxa4 20. b3 Bc6 21. g5 Nc5 22. Nf2 Rgd8 23. Bd3 Nxd3 24. Rxd3 Bb5 25. Rd2 Rc3 26. a4 Be8 27. Rd3 Rdc8 28. Rxc3 Rxc3 29. Nd3 a5 30. Kb2 Rc7 31. h5 b6 32. Nf2 Kf8 33. Ng4 b5 34. axb5 Bxb5 35. h6 Kg8 36. Nf6+ Kh8 37. Ra1 Ra7 38. c3 Bd3 39. Rd1 Bf5 40. Rd4 Ra8 41. Ra4 Bd3 42. b4 d4 43. Rxa5 Rc8 44. Rc5 1-0

[Event "SVK-chT2A 0809"]
[Site "Slovakia"]
[Date "2009.01.10"]
[Round "7.8"]
[White "Novak, Stanislav"]
[Black "Vrba, Michal"]
[Result "0-1"]
[WhiteElo "1997"]
[BlackElo "1974"]
[PlyCount "134"]
[EventDate "2008.10.11"]
[EventType "team-tourn"]
[EventRounds "11"]
[EventCountry "SVK"]
[SourceTitle "EXT 2010"]
[Source "ChessBase"]
[SourceDate "2010.11.25"]
[SourceVersion "1"]
[SourceVersionDate "2010.11.25"]
[SourceQuality "1"]
[WhiteTeam "Bratislava Doprastav II"]
[BlackTeam "Bratislava Doprastav III"]
[WhiteTeamCountry "SVK"]
[BlackTeamCountry "SVK"]

1. e4 d5 2. exd5 Qxd5 3. Nc3 Qa5 4. Nf3 Nf6 5. Bc4 c6 6. 0-0 Bg4 7. d4 e6 8. h3 Bh5 9. Be3 Nbd7 10. a3 Bd6 11. b4 Qc7 12. Be2 Nb6 13. b5 0-0 14. bxc6 bxc6 15. a4 a5 16. Ng5 Bg6 17. Bd3 Nbd5 18. Nxd5 cxd5 19. Rb1 Bb4 20. Bd2 Bxd3 21. cxd3 Rfb8 22. Be3 Ra6 23. g3 Bd6 24. Qe2 Rab6 25. Rxb6 Rxb6 26. Rc1 Rc6 27. Rxc6 Qxc6 28. Qd1 h6 29. Nf3 Nd7 30. Bd2 Bc7 31. Qb3 Kf8 32. Qc3 Qxc3 33. Bxc3 Nb8 34. Ne5 f6 35. Ng4 Nc6 36. Kf1 Bb6 37. Ne3 Bxd4 38. Bd2 Ke7 39. Nc2 Bb2 40. Ke2 Kd6 41. Kd1 Kc5 42. Ne3 Ba3 43. Nc2 Bb4 44. Be3+ d4 45. Bc1 Ne5 46. Ke2 Nd7 47. Na1 e5 48. Nb3+ Kb6 49. f3 Kc6 50. Bd2 Bxd2 51. Kxd2 Kb6 52. Kc2 Nc5 53. Nd2 Nxa4 54. Nc4+ Kb5 55. Nd6+ Kb4 56. Nf5 Nc5 57. Nxg7 a4 58. Ne8 Nd7 59. g4 a3 60. Nd6 a2 61. Kb2 a1Q+ 62. Kxa1 Kc3 63. Kb1 Kxd3 64. Kc1 Ke3 65. h4 Kxf3 66. Nf5 Kxg4 67. Nxh6+ Kxh4 0-1

[Event "SVK-chT2A 0809"]
[Site "Slovakia"]
[Date "2008.10.12"]
[Round "2.7"]
[White "Slamena, Michal"]
[Black "Vrba, Michal"]
[Result "1-0"]
[WhiteElo "1944"]
[BlackElo "1974"]
[PlyCount "55"]
[EventDate "2008.10.11"]
[EventType "team-tourn"]
[EventRounds "11"]
[EventCountry "SVK"]
[SourceTitle "EXT 2010"]
[Source "ChessBase"]
[SourceDate "2010.11.25"]
[SourceVersion "1"]
[SourceVersionDate "2010.11.25"]
[SourceQuality "1"]
[WhiteTeam "Hlohovec SK Zentiva II"]
[BlackTeam "Bratislava Doprastav III"]
[WhiteTeamCountry "SVK"]
[BlackTeamCountry "SVK"]

1. e4 e6 2. d4 d5 3. Nd2 c5 4. exd5 exd5 5. Ngf3 Nf6 6. Bb5+ Bd7 7. Qe2+ Qe7 8. Ne5 a6 9. Bxd7+ Nbxd7 10. Ndf3 Nxe5 11. dxe5 Nd7 12. 0-0 h6 13. c4 d4 14. b4 cxb4 15. Bb2 0-0-0 16. Bxd4 Nc5 17. Rfb1 Ne6 18. Bb6 Re8 19. c5 Ng5 20. Nxg5 Qxg5 21. Rd1 Be7 22. c6 Bd8 23. cxb7+ Kxb7 24. Qe4+ Kxb6 25. Rd6+ Ka7 26. Rd7+ Kb6 27. Qxb4+ Kc6 28. Qd6+ 1-0